[Event "London Classic Open 2018"]
[Site "London ENG"]
[Date "2018.12.11"]
[Round "3.6"]
[White "Lane, Gary W"]
[Black "Pert, Nicholas"]
[Result "0-1"]
[WhiteTitle "IM"]
[BlackTitle "GM"]
[WhiteElo "2353"]
[BlackElo "2546"]
[WhiteFideId "3203301"]
[BlackFideId "403989"]
[EventDate "2018.12.09"]

1. e4 c5 2. Nf3 Nc6 3. d4 cxd4 4. Nxd4 e5 5. Nb5 d6 6. N1c3 a6 7. Na3 Be7 8. Nc4
b5 9. Ne3 Nf6 10. Bd3 O-O 11. O-O Rb8 12. Ncd5 Nxd5 13. Nxd5 Bg5 14. c3 Bxc1 15.
Rxc1 Ne7 16. Nxe7+ Qxe7 17. Bc2 Be6 18. Bb3 Rfc8 19. Qd2 Bc4 20. Rfd1 Rc6 21. f4
exf4 22. Qxf4 h6 23. Rd4 Qe5 24. Qd2 Qe6 25. Rd1 Bxb3 26. axb3 Qxb3 27. Rxd6
Rxd6 28. Qxd6 Re8 29. Rd2 Qa2 30. Qd3 Qa1+ 31. Qf1 Qxf1+ 32. Kxf1 Rxe4 33. Kf2
Kf8 34. Kf3 Re1 35. Kf2 Rc1 36. Re2 Rd1 37. Kf3 Rd6 38. h4 Rf6+ 39. Kg3 Re6 40.
Rd2 Ke7 41. Kf4 h5 42. g3 Rf6+ 43. Ke4 g6 44. Ke3 Rd6 45. Rc2 Re6+ 46. Kd4 Kd6
47. b3 Kc6 48. Rf2 f5 49. Kd3 a5 50. c4 Re4 51. Ra2 Kb6 0-1

[Event "London Classic Open 2018"]
[Site "London ENG"]
[Date "2018.12.11"]
[Round "3.7"]
[White "Debashis, Das"]
[Black "Bradbury, Neil H"]
[Result "1/2-1/2"]
[WhiteTitle "GM"]
[BlackTitle "IM"]
[WhiteElo "2544"]
[BlackElo "2336"]
[WhiteFideId "5024854"]
[BlackFideId "400513"]
[EventDate "2018.12.09"]

1. d4 Nf6 2. c4 e6 3. Nc3 Bb4 4. Qc2 d5 5. cxd5 exd5 6. Bg5 c5 7. dxc5 Nc6 8. e3
h6 9. Bxf6 Qxf6 10. Nf3 O-O 11. O-O-O Bxc3 12. Qxc3 Qxc3+ 13. bxc3 Be6 14. Nd4
Rac8 15. Nb3 Ne5 16. Bb5 a6 17. Be2 Nd7 18. Rd4 1/2-1/2

[Event "London Classic Open 2018"]
[Site "London ENG"]
[Date "2018.12.11"]
[Round "3.8"]
[White "Sowray, Peter J"]
[Black "Turner, Matthew J"]
[Result "1/2-1/2"]
[WhiteTitle "FM"]
[BlackTitle "GM"]
[WhiteElo "2342"]
[BlackElo "2533"]
[WhiteFideId "400971"]
[BlackFideId "402893"]
[EventDate "2018.12.09"]

1. d4 Nf6 2. c4 e6 3. Nc3 Bb4 4. e3 c5 5. Ne2 d6 6. a3 Ba5 7. g3 d5 8. Bg2 cxd4
9. Nxd4 e5 10. Nb3 Bxc3+ 11. bxc3 Bg4 12. Qc2 dxc4 13. Nc5 Nbd7 14. Nxb7 Qc7 15.
a4 Rb8 16. Rb1 Nb6 17. a5 Rxb7 18. axb6 Rxb6 19. Ba3 Nd7 20. O-O f6 1/2-1/2

[Event "London Classic Open 2018"]
[Site "London ENG"]
[Date "2018.12.11"]
[Round "3.9"]
[White "Hector, Jonny"]
[Black "Paterek, Michal"]
[Result "1/2-1/2"]
[WhiteTitle "GM"]
[BlackTitle "FM"]
[WhiteElo "2501"]
[BlackElo "2328"]
[WhiteFideId "1700090"]
[BlackFideId "1116142"]
[EventDate "2018.12.09"]

1. e4 c6 2. d4 d5 3. f3 e6 4. Nc3 b5 5. Be3 Nd7 6. Bd3 Nb6 7. Nh3 Nc4 8. Bxc4
bxc4 9. O-O Bb4 10. Ne2 Nf6 11. c3 Be7 12. e5 Nd7 13. Qd2 Rb8 14. Ng3 Qb6 15.
Rf2 c5 16. Nh5 Rg8 17. Qc2 g6 18. dxc5 Qc6 19. Nf6+ Nxf6 20. exf6 Bxf6 21. f4
Be7 22. Ng5 f6 23. Nf3 Bxc5 24. Bxc5 Qxc5 25. Re1 Kf7 26. g4 Kg7 27. g5 Rf8 28.
Qd2 Rb6 29. gxf6+ Rxf6 30. Nd4 Rb7 31. Re5 Rbf7 32. Kg2 Qd6 33. Qe3 Kg8 34. Kg3
Rb7 35. h4 Rb6 36. Re2 Bd7 37. Nf3 Qb8 38. Qd4 h6 39. Nh2 Rf5 40. Ng4 Rxe5 41.
Nf6+ Kf7 42. Nxd7 Rxe2 43. Nxb8 Rbxb2 44. Qxa7+ Kf6 45. Nd7+ Kf5 46. Ne5 Rxa2
47. Qf7+ Ke4 48. Qxg6+ Ke3 49. Ng4+ Kd2 50. Qxh6 Kxc3 51. Qg7+ d4 52. h5 Rg2+
53. Kh4 Ra1 54. Kh3 Rag1 55. h6 Rxg4 56. Qxg4 Rxg4 57. Kxg4 d3 58. h7 d2 59.
h8=Q+ Kc2 60. Qh2 Kc1 61. Kg5 d1=Q 62. Kf6 Qg4 63. Qf2 Qf5+ 64. Ke7 Qe4 65. Qf1+
Kd2 66. Qf2+ Kc3 67. Qf1 Kb2 68. Qf2+ Kb3 69. Qb6+ Ka2 70. Qa5+ Kb3 71. Qb6+ Kc3
72. Qxe6 Qxf4 73. Qa6 Kd3 74. Ke8 Qe4+ 75. Kf8 Kd2 76. Qh6+ Qe3 77. Qh2+ Kc1 78.
Qh1+ Kb2 79. Qg2+ Kb3 80. Qb7+ Kc2 81. Qg2+ Qd2 82. Qg6+ Kb3 83. Qe6 Qf4+ 84.
Kg8 Qd4 85. Qf7 Qe4 86. Kf8 Kb4 87. Kg8 c3 88. Qf8+ Kb3 89. Qb8+ Qb4 90. Qg3
Qc4+ 91. Kh7 Ka2 92. Qg2+ c2 93. Qa8+ Kb2 94. Qb7+ Kc3 95. Qg7+ Qd4 96. Qc7+ Kd3
97. Qg3+ Qe3 98. Qd6+ Kc3 99. Qc7+ Kb2 100. Qb7+ Qb3 101. Qg7+ Ka2 102. Qg2 Qf7+
103. Kh8 Qe8+ 104. Kh7 Qe7+ 105. Kh8 Kb1 106. Qg6 Qh4+ 107. Kg8 Qc4+ 108. Kh7
Ka2 109. Qg2 Kb3 110. Qf3+ Kb2 111. Qg2 Kc3 112. Qg7+ Qd4 113. Qc7+ Kd3 114.
Qg3+ Qe3 115. Qd6+ Ke2 116. Qh2+ Qf2 117. Qe5+ Kf1 118. Qb5+ Kg1 119. Qg5+ Kh1
120. Qc1+ Kh2 121. Qh6+ Kg3 122. Qg6+ Kf4 123. Qd6+ Ke4 124. Qc6+ Kd3 125. Qb5+
Kc3 126. Qc6+ Kb2 127. Qb7+ Kc1 128. Qh1+ Kd2 129. Qd5+ Ke1 130. Qh1+ Qf1 131.
Qe4+ Kd2 132. Qb4+ Kc1 133. Qa3+ Kd1 134. Qd6+ Ke1 135. Qb4+ Kd1 136. Qd6+ Kc1
137. Qa3+ Kd2 138. Qb4+ Ke3 139. Qc5+ Kd2 140. Qb4+ Kd1 141. Qd6+ Ke2 142. Qe7+
Kd3 143. Qd6+ Kc3 144. Qa3+ Kd2 145. Qb4+ Ke3 1/2-1/2

[Event "London Classic Open 2018"]
[Site "London ENG"]
[Date "2018.12.11"]
[Round "3.10"]
[White "Gormally, Daniel W"]
[Black "Van Zyl-Rudd, Jack"]
[Result "1/2-1/2"]
[WhiteTitle "GM"]
[BlackTitle "FM"]
[WhiteElo "2478"]
[BlackElo "2306"]
[WhiteFideId "406465"]
[BlackFideId "14309017"]
[EventDate "2018.12.09"]

1. d4 d5 2. c4 e6 3. Nf3 Nf6 4. g3 Be7 5. Bg2 O-O 6. Nbd2 c5 7. cxd5 Nxd5 8.
dxc5 Bxc5 9. O-O Nc6 10. a3 b6 11. Qc2 Bb7 12. e4 Nf6 13. e5 Nd5 14. Ne4 Be7 15.
Neg5 g6 16. h4 Qc7 17. Re1 Rac8 18. Qd2 Rfd8 19. h5 Ndb4 20. Qf4 Bxg5 21. Nxg5
Nd3 22. Qf6 Qe7 23. Qxe7 Nxe7 24. Bxb7 Nxe1 25. Bxc8 Rxc8 1/2-1/2

[Event "London Classic Open 2018"]
[Site "London ENG"]
[Date "2018.12.11"]
[Round "3.11"]
[White "Derakhshani, Borna"]
[Black "Janik, Igor"]
[Result "1/2-1/2"]
[WhiteTitle "FM"]
[BlackTitle "IM"]
[WhiteElo "2325"]
[BlackElo "2476"]
[WhiteFideId "12518450"]
[BlackFideId "1159259"]
[EventDate "2018.12.09"]

1. Nf3 Nf6 2. c4 b6 3. g3 Bb7 4. Bg2 e6 5. b3 Be7 6. Bb2 O-O 7. O-O d5 8. e3 c5
9. cxd5 Nxd5 10. d4 Nc6 11. Nc3 Ba6 12. Nxd5 exd5 13. Re1 Bf6 14. Ba3 Nb4 15.
Bxb4 cxb4 16. Ne5 Qd6 17. Nd3 Rac8 18. Nf4 Bb7 19. Qf3 Rfd8 20. Rac1 Rc7 21. Ne2
Rdc8 22. Rxc7 Qxc7 23. Bh3 Rd8 24. Rc1 Bc6 25. Nf4 Qb7 26. Qe2 g6 27. Qc2 Rd6
28. Nd3 a5 29. Ne5 Bb5 30. Bf1 Be8 31. Qc8 Qxc8 1/2-1/2

[Event "London Classic Open 2018"]
[Site "London ENG"]
[Date "2018.12.11"]
[Round "3.12"]
[White "Gumularz, Szymon"]
[Black "Abbas, Daniel"]
[Result "1-0"]
[WhiteTitle "IM"]
[BlackTitle "FM"]
[WhiteElo "2462"]
[BlackElo "2280"]
[WhiteFideId "1188062"]
[BlackFideId "423831"]
[EventDate "2018.12.09"]

1. d4 Nf6 2. c4 e6 3. Nc3 Bb4 4. e3 b6 5. Bd3 Bb7 6. Nf3 Ne4 7. O-O Bxc3 8. bxc3
f5 9. Ne1 O-O 10. f3 Nd6 11. Qe2 c5 12. Nc2 Qe7 13. Ba3 Na6 14. e4 fxe4 15. fxe4
e5 16. Rae1 Rxf1+ 17. Rxf1 Re8 18. d5 Rf8 19. Rb1 Nc7 20. Bc1 Ba6 21. Ne3 Nce8
22. Bd2 Nf6 23. Nf1 Qf7 24. Ng3 Ng4 25. Rf1 Nf6 26. a4 Qg6 27. a5 Nfe8 28. Ra1
Nc7 29. axb6 axb6 30. Rb1 Rb8 31. Be3 Rb7 32. Nf5 Nxf5 33. exf5 Qf7 34. d6 Ne8
35. Qa2 Ra7 36. Rxb6 e4 37. Bf1 1-0

[Event "London Classic Open 2018"]
[Site "London ENG"]
[Date "2018.12.11"]
[Round "3.13"]
[White "Wu, Li"]
[Black "Arkell, Keith C"]
[Result "1-0"]
[BlackTitle "GM"]
[WhiteElo "2317"]
[BlackElo "2453"]
[WhiteFideId "411086"]
[BlackFideId "400270"]
[EventDate "2018.12.09"]

1. d4 d6 2. e4 g6 3. c4 Bg7 4. Nc3 Nc6 5. Be3 e5 6. d5 Nd4 7. Nge2 Nxe2 8. Bxe2
f5 9. exf5 Bxf5 10. c5 Bh6 11. Qa4+ Bd7 12. Qb4 Bxe3 13. fxe3 dxc5 14. Qxb7 Ne7
15. O-O Nf5 16. d6 cxd6 17. e4 Nd4 18. Bg4 Ne6 19. Nb5 Qb8 20. Nxd6+ Kd8 21. Qd5
Kc7 22. Bxe6 Qb6 23. Rf7 Rad8 24. Bxd7 1-0

[Event "London Classic Open 2018"]
[Site "London ENG"]
[Date "2018.12.11"]
[Round "3.14"]
[White "Flear, Glenn C"]
[Black "Merriman, John"]
[Result "1-0"]
[WhiteTitle "GM"]
[WhiteElo "2451"]
[BlackElo "2261"]
[WhiteFideId "400165"]
[BlackFideId "402362"]
[EventDate "2018.12.09"]

1. d4 e6 2. c4 Nf6 3. Nc3 Bb4 4. e3 O-O 5. Ne2 d5 6. a3 Be7 7. Nf4 b6 8. b4 c6
9. Bb2 Re8 10. Bd3 Bd6 11. Nh5 Nxh5 12. Qxh5 g6 13. Qe2 Nd7 14. O-O Bb7 15. Rfd1
Qh4 16. g3 Qh3 17. Qf1 Qxf1+ 18. Kxf1 f5 19. b5 Nf6 20. a4 Bb4 21. bxc6 Bxc6 22.
cxd5 Nxd5 23. Nxd5 Bxd5 24. Ba6 Re7 25. Rdc1 Kf7 26. Ba3 Bxa3 27. Rxa3 Bb7 28.
Bxb7 Rxb7 29. a5 bxa5 30. Rxa5 Rd8 31. Rc6 Rdd7 32. Kg2 Rbc7 33. Rxc7 Rxc7 34.
h4 Rd7 35. Ra6 Rb7 36. Kf3 h6 37. g4 Rd7 38. g5 hxg5 39. hxg5 Ke7 40. Kf4 Kf7
41. Ra5 Ke7 42. Ke5 Rb7 43. f3 Rd7 44. e4 fxe4 45. fxe4 Kf7 46. Ra1 Rb7 47. Rf1+
Ke7 48. Rf6 Rb5+ 49. d5 exd5 50. exd5 Rb6 51. d6+ Kd7 52. Rf7+ Kc6 53. Rc7+ 1-0

[Event "London Classic Open 2018"]
[Site "London ENG"]
[Date "2018.12.11"]
[Round "3.15"]
[White "Ronka, Erik"]
[Black "Pert, Richard G"]
[Result "0-1"]
[BlackTitle "IM"]
[WhiteElo "2281"]
[BlackElo "2416"]
[WhiteFideId "505080"]
[BlackFideId "404748"]
[EventDate "2018.12.09"]

1. e4 c5 2. Nf3 d6 3. Bb5+ Nd7 4. d4 cxd4 5. Qxd4 a6 6. Bxd7+ Bxd7 7. c4 e5 8.
Qd3 h6 9. Nc3 Nf6 10. O-O Be7 11. a4 O-O 12. Rd1 Bg4 13. b3 Qe8 14. Ba3 Rd8 15.
Rd2 Rd7 16. Rad1 d5 17. Bxe7 dxe4 18. Qe3 Rxe7 19. Nxe4 Nxe4 20. Qxe4 f5 21.
Qd5+ Kh7 22. h3 Bh5 23. Qc5 Bxf3 24. gxf3 e4 25. fxe4 fxe4 26. Rd8 Qg6+ 27. Kh1
Rxd8 28. Rxd8 Qf6 29. Qe3 Qa1+ 30. Kh2 Re6 31. f4 Rg6 32. Rd2 Qf1 33. Qf2 Qc1
34. Re2 Rd6 35. Qe3 Qxe3 36. Rxe3 Rd3 37. Rxe4 Rxb3 38. c5 Kg6 39. c6 bxc6 40.
Re6+ Kf5 41. Rxc6 a5 42. Rc5+ Kxf4 43. Rxa5 Rb2+ 44. Kg1 Kg3 45. Kf1 Kxh3 46.
Ra7 g5 47. a5 h5 48. a6 Ra2 49. Rg7 g4 50. a7 g3 51. Rg5 h4 52. Rg7 Kh2 0-1

[Event "London Classic Open 2018"]
[Site "London ENG"]
[Date "2018.12.11"]
[Round "3.16"]
[White "Piesik, Piotr"]
[Black "McClement, Andrew"]
[Result "1-0"]
[WhiteTitle "FM"]
[WhiteElo "2404"]
[BlackElo "2182"]
[WhiteFideId "1136194"]
[BlackFideId "2400480"]
[EventDate "2018.12.09"]

1. Nf3 Nf6 2. g3 e6 3. Bg2 c5 4. O-O Nc6 5. c4 Be7 6. d4 cxd4 7. Nxd4 a6 8. Nc3
Qc7 9. Nb3 O-O 10. Bf4 d6 11. Rc1 Ne5 12. c5 d5 13. Qd4 Nfg4 14. h3 g5 15. hxg4
gxf4 16. Qxf4 f5 17. Bxd5 fxg4 18. Qe3 Rf5 19. Nd4 Bg5 20. Nxe6 Bxe6 21. Bxe6+
Kh8 22. Qe4 Bxc1 23. Bxf5 Bxb2 24. Na4 Re8 25. Bxg4 Ba3 26. Rb1 Qc6 27. Qxc6
bxc6 28. Bf5 Rf8 29. Be4 Nd7 30. Rb7 Nxc5 31. Nxc5 Bxc5 32. Rxh7+ Kg8 33. e3 Rd8
34. Rh5 Bb4 35. Bxc6 Rd1+ 36. Kg2 Kg7 37. Ba4 Rd2 38. Bb3 Rb2 39. Rf5 Kg6 40. g4
Bd2 41. Kg3 Be1 42. Kg2 a5 43. Kf1 Bb4 44. Bf7+ Kg7 45. a4 Rc2 46. Kg2 Be1 47.
Be8 Rc4 48. Kf3 Rc2 49. Kg3 Rc8 50. Bb5 Kg6 51. Rd5 Kf6 52. g5+ Kg7 53. Bd3 Rb8
54. Rd7+ Kf8 55. g6 Rb4 56. g7+ Kg8 57. Bf5 Bxf2+ 58. Kf3 Rb6 59. Be4 1-0

[Event "London Classic Open 2018"]
[Site "London ENG"]
[Date "2018.12.11"]
[Round "3.17"]
[White "Tomaszewski, Kacper"]
[Black "Cherniaev, Alexander"]
[Result "1-0"]
[WhiteTitle "FM"]
[BlackTitle "GM"]
[WhiteElo "2259"]
[BlackElo "2393"]
[WhiteFideId "1127373"]
[BlackFideId "4117301"]
[EventDate "2018.12.09"]

1. d4 e6 2. c4 b6 3. e4 Bb7 4. Bd3 Bb4+ 5. Bd2 Bxd2+ 6. Nxd2 Qf6 7. Ngf3 Nc6 8.
e5 Qf4 9. g3 Qg4 10. h3 Qh5 11. Ne4 f6 12. exf6 Nxf6 13. Nxf6+ gxf6 14. Be2 Qa5+
15. Kf1 Qb4 16. b3 O-O-O 17. Rh2 Qf8 18. a3 f5 19. b4 Qf6 20. Rc1 Kb8 21. c5 d6
22. b5 Na5 23. c6 Bc8 24. Kg1 h5 25. h4 e5 26. d5 Rdg8 27. Ng5 e4 28. Kh1 Qb2
29. Ra1 Qc3 30. Rb1 Qxa3 31. Bxh5 f4 32. gxf4 Rf8 33. Bf7 Qc3 34. Qc1 Qf6 35.
Be6 Qxf4 36. Qxf4 Rxf4 37. h5 a6 38. h6 axb5 39. h7 Nc4 40. Ra1 Na5 41. Nf7 Rxf7
42. Bxf7 Bf5 43. Be6 Bxh7 44. Bf5 Bxf5 45. Rxh8+ Ka7 46. Rf8 Bg4 47. Rf7 Ka6 48.
Rb1 e3 49. fxe3 Be2 50. Rf8 Ka7 51. Kg1 Bc4 52. e4 Bd3 53. Rb4 Nc4 54. Re8 1-0

[Event "London Classic Open 2018"]
[Site "London ENG"]
[Date "2018.12.11"]
[Round "3.18"]
[White "Sumit, Kumar"]
[Black "Cornette, Matthieu"]
[Result "1/2-1/2"]
[BlackTitle "GM"]
[WhiteElo "2179"]
[BlackElo "2597"]
[WhiteFideId "5054010"]
[BlackFideId "620084"]
[EventDate "2018.12.09"]

1. e4 c6 2. d4 d5 3. e5 Bf5 4. Nf3 e6 5. Be2 Ne7 6. O-O Ng6 7. Be3 Nd7 8. Nbd2
f6 9. exf6 Qxf6 10. c4 Bd6 11. Bg5 Qf7 12. Nh4 h6 13. Nxg6 Bxg6 14. Bh4 O-O 15.
Bg3 Bxg3 16. fxg3 Qe7 17. Nf3 Rad8 18. Bd3 Bxd3 19. Qxd3 c5 20. Rae1 Qd6 21. Qe2
cxd4 22. Qxe6+ Qxe6 23. Rxe6 dxc4 24. Re4 d3 25. Rxc4 Ne5 26. Rcc1 d2 27. Rcd1
Nc4 28. Rf2 Nxb2 29. Rdxd2 Nc4 30. Rxd8 Rxd8 31. Re2 b5 32. Kf2 Rd5 33. Re8+ Kf7
34. Rc8 a6 35. Rc6 Rd6 36. Rxd6 Nxd6 37. Ke3 Ke6 38. Kd4 Nc4 39. g4 Nb6 40. g5
h5 41. Ke4 Na4 42. Nd4+ Kf7 43. Kf5 g6+ 44. Ke5 Nc3 45. a3 Nb1 46. Nc2 Nd2 47.
Kd5 Nc4 48. h3 h4 49. Kc5 Ke6 50. Nd4+ Ke5 51. Nf3+ Kf4 52. Nxh4 Kxg5 53. Nf3+
Kf4 54. a4 Ne3 55. axb5 axb5 56. Nh4 g5 57. Nf3 Nxg2 58. Nxg5 Kxg5 59. Kxb5 Kh4
60. Kc4 Kxh3 1/2-1/2

[Event "London Classic Open 2018"]
[Site "London ENG"]
[Date "2018.12.11"]
[Round "3.19"]
[White "Dauletova, Gulmira"]
[Black "Hawkins, Jonathan"]
[Result "0-1"]
[WhiteTitle "WIM"]
[BlackTitle "GM"]
[WhiteElo "2261"]
[BlackElo "2583"]
[WhiteFideId "13702971"]
[BlackFideId "412686"]
[EventDate "2018.12.09"]

1. e4 e5 2. Nf3 Nf6 3. Nxe5 d6 4. Nf3 Nxe4 5. d4 d5 6. Bd3 Bd6 7. O-O O-O 8. c4
c6 9. Nc3 Nxc3 10. bxc3 dxc4 11. Bxc4 Bg4 12. a4 Nd7 13. Ba3 Bxa3 14. Rxa3 Nb6
15. Be2 Re8 16. h3 Qe7 17. Ra2 Be6 18. Ra1 Bxh3 19. Re1 Bg4 20. Qc2 Qf6 21. Ne5
Bxe2 22. Rxe2 Nd5 23. Rae1 Qd6 24. Qf5 Re7 25. c4 Nf6 26. Re3 Rae8 27. Rg3 g6
28. Rg5 Nd7 29. Re4 Nxe5 30. dxe5 Qe6 31. Qf3 f6 32. Rg3 Qf7 33. Rf4 Rxe5 34.
Rxf6 Qxc4 35. Rh3 Qd5 36. Qf4 Rg5 37. f3 0-1

[Event "London Classic Open 2018"]
[Site "London ENG"]
[Date "2018.12.11"]
[Round "3.20"]
[White "Stigar, Petter"]
[Black "Ghasi, Ameet K"]
[Result "1/2-1/2"]
[WhiteTitle "FM"]
[BlackTitle "IM"]
[WhiteElo "2171"]
[BlackElo "2498"]
[WhiteFideId "1500341"]
[BlackFideId "409200"]
[EventDate "2018.12.09"]

1. d4 Nf6 2. c4 g6 3. Nf3 Bg7 4. g3 O-O 5. Bg2 d6 6. O-O Nc6 7. Nc3 a6 8. b3 Rb8
9. d5 Na5 10. Bg5 b5 11. cxb5 axb5 12. b4 Nc4 13. Qc1 Ng4 14. Nxb5 Bxa1 15. Qxc4
Bf6 16. Bxf6 exf6 17. Nxc7 Rb7 18. Rc1 Bf5 1/2-1/2

[Event "London Classic Open 2018"]
[Site "London ENG"]
[Date "2018.12.11"]
[Round "3.21"]
[White "Knudsen, Simon"]
[Black "Akash Pc, Iyer"]
[Result "0-1"]
[BlackTitle "IM"]
[WhiteElo "2206"]
[BlackElo "2441"]
[WhiteFideId "12985546"]
[BlackFideId "5006775"]
[EventDate "2018.12.09"]

1. e4 Nc6 2. Nf3 d6 3. d4 Bg4 4. d5 Nb8 5. h3 Bh5 6. Be3 Nd7 7. Be2 Ngf6 8. Nc3
Bg6 9. Nd2 e5 10. g4 Nc5 11. Bf3 Nfd7 12. Qe2 Be7 13. Nc4 h6 14. b4 Na6 15. a3
Bg5 16. Bxg5 hxg5 17. Na5 Qc8 18. Qb5 b6 19. Nc4 Nb8 20. Ne3 a6 21. Qc4 f6 22.
Kf1 Kf7 23. Kg2 Nf8 24. Rh2 Bh7 25. Nf5 Ng6 26. h4 Nf4+ 27. Kf1 b5 28. Qb3 Bxf5
29. gxf5 Rxh4 30. Rxh4 gxh4 31. Ne2 Nd7 32. c4 bxc4 33. Qxc4 a5 34. Rc1 axb4 35.
axb4 Ra7 36. Qc3 Qa6 37. Qe3 Rb7 38. Kg1 Nh3+ 39. Kh2 Ng5 40. Rg1 Qb6 41. Bh5+
Kf8 42. Nc3 Qxe3 43. fxe3 Rxb4 44. Ra1 Ke7 45. Ra7 Kd8 46. Ra8+ Rb8 47. Ra2 Nc5
48. Kg2 Ngxe4 49. Nxe4 Nxe4 50. Kh3 Ng5+ 51. Kxh4 Kd7 52. Be2 Ne4 53. Ra3 Rb2
54. Bf1 Nd2 55. Ba6 c6 56. dxc6+ Kxc6 57. Kh5 Ne4 58. Kg6 Rg2+ 59. Kf7 Nc5 60.
Bc8 d5 0-1

[Event "London Classic Open 2018"]
[Site "London ENG"]
[Date "2018.12.11"]
[Round "3.22"]
[White "Russell, Christopher"]
[Black "Zhou, Yang-Fan"]
[Result "0-1"]
[BlackTitle "IM"]
[WhiteElo "2169"]
[BlackElo "2434"]
[WhiteFideId "413569"]
[BlackFideId "468584"]
[EventDate "2018.12.09"]

1. d4 Nf6 2. Nf3 b6 3. Nbd2 Bb7 4. e3 c5 5. b3 g6 6. Bb2 Bg7 7. Bd3 O-O 8. O-O
Nc6 9. Re1 d5 10. c4 cxd4 11. exd4 e6 12. Rc1 Rc8 13. a3 Nh5 14. cxd5 Qxd5 15.
Be4 Qd7 16. Nc4 Rfd8 17. Bxc6 Qxc6 18. Na5 Qd5 19. Nxb7 Qxb7 20. Qd2 Qd5 21. b4
Qb3 22. Ne5 Bxe5 23. Rxe5 Rxc1+ 24. Bxc1 Nf4 25. Re1 Nd3 26. Qe3 Qc3 27. Rd1
Rxd4 28. h4 Rd5 29. Bd2 Qc2 30. Rf1 h5 31. Qh6 Ne5 32. Bc1 Rd1 33. g3 Nf3+ 34.
Kg2 Rxf1 35. Kxf1 Qd1+ 36. Kg2 Ne1+ 0-1

[Event "London Classic Open 2018"]
[Site "London ENG"]
[Date "2018.12.11"]
[Round "3.23"]
[White "Hebden, Mark L"]
[Black "Bukojemski, Adam"]
[Result "1-0"]
[WhiteTitle "GM"]
[WhiteElo "2425"]
[BlackElo "2218"]
[WhiteFideId "400084"]
[BlackFideId "1114620"]
[EventDate "2018.12.09"]

1. d4 Nf6 2. Nf3 g6 3. Nc3 d5 4. Bf4 Bg7 5. Qd2 O-O 6. Bh6 Ne4 7. Qe3 Nxc3 8.
Bxg7 Kxg7 9. Qxc3 Bg4 10. Ne5 Be6 11. h4 Nd7 12. Nxd7 Qxd7 13. h5 f6 14. e3 c5
15. dxc5 Rfc8 16. hxg6 hxg6 17. Bd3 Qc7 18. Qd4 Qxc5 19. O-O-O Bf7 20. Rh4 e5
21. Qg4 e4 22. Qf4 g5 23. Rh7+ Kg6 24. Rh6+ 1-0

[Event "London Classic Open 2018"]
[Site "London ENG"]
[Date "2018.12.11"]
[Round "3.24"]
[White "Smith, Andrew Philip"]
[Black "Wells, Peter K"]
[Result "1-0"]
[WhiteTitle "FM"]
[BlackTitle "GM"]
[WhiteElo "2157"]
[BlackElo "2412"]
[WhiteFideId "2500833"]
[BlackFideId "400327"]
[EventDate "2018.12.09"]

1. e4 e5 2. d4 exd4 3. Qxd4 Nc6 4. Qe3 g6 5. Nc3 Bg7 6. Nge2 Nf6 7. Nf4 O-O 8.
Bc4 Ne5 9. Bb3 c6 10. O-O Re8 11. Qg3 b5 12. a3 d6 13. f3 Bb7 14. Kh1 a5 15. Rd1
b4 16. Na4 Qc7 17. Rb1 c5 18. Nd5 Bxd5 19. Bxd5 Nxd5 20. Rxd5 Qc6 21. b3 Nc4 22.
axb4 axb4 23. Bf4 Bd4 24. h3 Rxa4 25. bxa4 Qxa4 26. Rxd4 cxd4 27. Qf2 Na3 28.
Rb3 Rc8 29. Qxd4 Nxc2 30. Qb2 Qb5 31. Bxd6 Qf1+ 32. Kh2 Qc4 33. Be5 Rc6 34. Bg3
f6 35. e5 f5 36. Qb1 g5 37. Rb2 h5 38. Ra2 h4 39. Bf2 Qf4+ 40. Kh1 Na3 41. Qd3
Rc1+ 42. Bg1 Qxe5 43. Re2 Rxg1+ 44. Kxg1 Qc5+ 45. Qe3 Qxe3+ 46. Rxe3 f4 47. Rb3
Nc2 48. Rb2 Ne3 49. Rxb4 Kf7 50. Rb6 Kg7 51. Kf2 Kf7 52. Ra6 Nd1+ 53. Ke1 Ne3
54. Ra2 Kf6 55. Ke2 Nxg2 56. Kd3 Ne3 57. Ke4 Kg6 58. Ra6+ Kg7 59. Ke5 Kf7 60.
Ra8 Kg7 61. Ke6 Kh7 62. Kf6 g4 63. hxg4 h3 64. g5 Nd5+ 65. Kf7 1-0

[Event "London Classic Open 2018"]
[Site "London ENG"]
[Date "2018.12.11"]
[Round "3.25"]
[White "Menzies, Colin"]
[Black "Gilevych, Artem"]
[Result "0-1"]
[BlackTitle "IM"]
[WhiteElo "2132"]
[BlackElo "2409"]
[WhiteFideId "2502755"]
[BlackFideId "14121379"]
[EventDate "2018.12.09"]

1. Nf3 d5 2. c4 e6 3. e3 g6 4. d4 Bg7 5. Nc3 Ne7 6. Bd2 O-O 7. cxd5 exd5 8. Bd3
Nd7 9. b4 Nb6 10. Na4 Bf5 11. Bxf5 Nxf5 12. Nxb6 axb6 13. O-O Nd6 14. Qb3 c6 15.
a4 b5 16. axb5 Nxb5 17. Ne1 0-1

[Event "London Classic Open 2018"]
[Site "London ENG"]
[Date "2018.12.11"]
[Round "3.27"]
[White "Lewtak, Damian"]
[Black "Czopor, Maciej"]
[Result "1-0"]
[WhiteElo "2393"]
[BlackElo "2164"]
[WhiteFideId "1141724"]
[BlackFideId "21805431"]
[EventDate "2018.12.09"]

1. c4 Nf6 2. Nc3 e6 3. e4 d5 4. exd5 exd5 5. d4 Be7 6. Nf3 O-O 7. Be2 dxc4 8.
Bxc4 Nbd7 9. O-O Nb6 10. Bb3 Bg4 11. h3 Bh5 12. g4 Bg6 13. Ne5 c5 14. dxc5 Bxc5
15. Qf3 Qe7 16. Bf4 Bd4 17. Nxg6 hxg6 18. Rfe1 Qb4 19. Be5 Bxe5 20. Rxe5 Rad8
21. Rae1 Nc4 22. Qf4 Nxe5 23. Qxb4 Nd3 24. Qe7 Rde8 25. Bxf7+ Rxf7 26. Qxe8+
Nxe8 27. Rxe8+ Kh7 28. Ne4 Rc7 29. Ng5+ Kh6 30. h4 1-0

[Event "London Classic Open 2018"]
[Site "London ENG"]
[Date "2018.12.11"]
[Round "3.28"]
[White "D'Costa, Lorin A R"]
[Black "Georgescu, Lena"]
[Result "1-0"]
[WhiteTitle "IM"]
[BlackTitle "WFM"]
[WhiteElo "2390"]
[BlackElo "2162"]
[WhiteFideId "409219"]
[BlackFideId "1331973"]
[EventDate "2018.12.09"]

1. Nf3 Nf6 2. g3 d5 3. Bg2 c6 4. O-O Bg4 5. c4 e6 6. cxd5 exd5 7. Qb3 Qb6 8. Qc2
Nbd7 9. d3 Bd6 10. Nc3 O-O 11. e4 Rfe8 12. Be3 Qd8 13. Nd4 Nb6 14. h3 Bh5 15.
Nf5 Bf8 16. g4 Bg6 17. Bg5 h6 18. Bh4 Bxf5 19. gxf5 Be7 20. f4 Nh5 21. Bxe7 Qxe7
22. Qf2 dxe4 23. dxe4 Nf6 24. a4 Red8 25. a5 Nc4 26. e5 Ne8 27. Ne4 Qb4 28. f6
Qxb2 29. Qg3 Nd2 30. Nxd2 Rxd2 31. fxg7 Nxg7 32. Rab1 Qd4+ 33. Kh1 b6 34. Bxc6
Rd8 35. Rg1 Kf8 36. Qxg7+ Ke7 37. Qf6+ Kf8 38. Qxh6+ Ke7 39. Qf6+ Kf8 40. Qh8+
Ke7 41. Qh4+ Kf8 42. axb6 axb6 43. Rb3 Qf2 44. Qxf2 Rxf2 45. Rb4 Rd3 46. Bg2
Rdd2 47. Kh2 Rf3 48. h4 Kg7 49. Kh1 Rff2 50. Bb7+ Kh8 51. Rg2 Rd1+ 52. Kh2 Rff1
53. Rxb6 Rh1+ 54. Kg3 Rhf1 55. Kg4 f5+ 56. Kh5 Rd7 57. Rh6+ Rh7 58. Bd5 Rxh6+
59. Kxh6 Rg1 60. Rg5 Rxg5 61. fxg5 1-0